| 000 -LEADER |
| fixed length control field |
00826cam a2200241 a 4500 |
| 001 - CONTROL NUMBER |
| control field |
.b1492979x |
| 003 - CONTROL NUMBER IDENTIFIER |
| control field |
OSt |
| 005 - DATE AND TIME OF LATEST TRANSACTION |
| control field |
20191205161728.0 |
| 008 - FIXED-LENGTH DATA ELEMENTS--GENERAL INFORMATION |
| fixed length control field |
130802s2007 enkab j 000 1 eng d |
| 020 ## - INTERNATIONAL STANDARD BOOK NUMBER |
| International Standard Book Number |
9781405233361 (pbk.) |
| 040 ## - CATALOGING SOURCE |
| Original cataloging agency |
PTTCL |
| Language of cataloging |
eng |
| Transcribing agency |
PTTCL |
| 042 ## - AUTHENTICATION CODE |
| Authentication code |
nbic |
| 082 ## - DEWEY DECIMAL CLASSIFICATION NUMBER |
| Classification number |
FIC MOR |
| 100 1# - MAIN ENTRY--PERSONAL NAME |
| Personal name |
Morpurgo, Michael. |
| Relator term |
author |
| 245 14 - TITLE STATEMENT |
| Title |
The wreck of the Zanzibar / |
| Statement of responsibility, etc. |
Michael Morpurgo ; illustrated by Christian Birmingham. |
| 260 ## - PUBLICATION, DISTRIBUTION, ETC. |
| Place of publication, distribution, etc. |
London : |
| Name of publisher, distributor, etc. |
Egmont, |
| Date of publication, distribution, etc. |
2007. |
| 300 ## - PHYSICAL DESCRIPTION |
| Extent |
100, [1] p. : |
| Other physical details |
ill., map ; |
| Dimensions |
20 cm. |
| 650 #0 - SUBJECT ADDED ENTRY--TOPICAL TERM |
| Topical term or geographic name entry element |
Shipwrecks |
| Geographic subdivision |
England |
| -- |
Scilly, Isles of |
| Form subdivision |
Juvenile fiction. |
| 650 #0 - SUBJECT ADDED ENTRY--TOPICAL TERM |
| Topical term or geographic name entry element |
Brothers and sisters |
| Geographic subdivision |
England |
| -- |
Scilly, Isles of |
| Form subdivision |
Juvenile fiction. |
| 650 #0 - SUBJECT ADDED ENTRY--TOPICAL TERM |
| Topical term or geographic name entry element |
Storms |
| Geographic subdivision |
England |
| -- |
Scilly, Isles of |
| Form subdivision |
Juvenile fiction. |
| 700 1# - ADDED ENTRY--PERSONAL NAME |
| Personal name |
Birmingham, Christian. |
| Relator term |
Illustrator |
| 942 ## - ADDED ENTRY ELEMENTS (KOHA) |
| Source of classification or shelving scheme |
|
| Koha item type |
Books - Fiction |